Statistics for Ice Type Pokemon

Click here to take the quiz!

General Stats

  • This quiz has been taken 978 times
    (611 since last reset)
  • The average score is 38 of 48

Answer Stats

RegionPokemon% Correct
Articuno
95%
KantoDewgong
91%
Glalie
91%
Jynx
91%
HoennSnorunt
91%
Froslass
90%
Lapras
90%
Ninetales
90%
Vulpix
90%
Alolan formsSandshrew
89%
Sandslash
89%
Abomasnow
88%
Cloyster
88%
Swinub
88%
Mamoswine
87%
Piloswine
87%
SinnohSnover
86%
Beartic
85%
Cubchoo
84%
Regice
84%
Cryogonal
83%
JohtoSneasel
83%
Spheal
83%
Vanillish
83%
Vanilluxe
83%
Weavile
83%
Avalugg
82%
Bergmite
82%
Glaceon
82%
Sealeo
82%
UnovaVanillite
82%
Walrein
82%
Kyurem
81%
Delibird
77%
Smoochum
77%
Snom
74%
Frosmoth
73%
AlolaCrabominable
68%
Aurorus
65%
KalosAmaura
63%
Rotom (Frost)
63%
Eiscue
62%
Mr Rime
62%
Mr Mime (Galarian Form)
56%
Arctovish
55%
Darmanitan (Galarian Form)
55%
Arctozolt
54%
GalarDarumaka (Galarian Form)
53%

Score Distribution

Percentile by Number Answered

Percent of People with Each Score

Your Score History

You have not taken this quiz since the last reset